Top 83 Cities in the World by Population (Updated) - Statistics

General Stats
  • This quiz has been taken 34 times
    12 since last reset
  • The average score is 74 of 83
Answer Stats
Country Population (2025) Answer % Correct
Iraq 6.8M Baghdad
100%
Thailand 18.2M Bangkok
100%
Spain 5.5M Barcelona
100%
China 17M Beijing
100%
Colombia 10.6M Bogotá
100%
Argentina 14M Buenos Aires
100%
Egypt 25.6M Cairo
100%
India 30.2M Delhi
100%
Bangladesh 36.6M Dhaka
100%
Mexico 5M Guadalajara
100%
China 27.6M Guangzhou
100%
Vietnam 14.1M Ho Chi Minh City
100%
Turkey 15M Istanbul
100%
Indonesia 41.9M Jakarta
100%
Pakistan 21.4M Karachi
100%
D.R.C. 10.9M Kinshasa
100%
India 22.5M Kolkata
100%
Malaysia 8.4M Kuala Lumpur
100%
Nigeria 12.8M Lagos
100%
Pakistan 15.2M Lahore
100%
Peru 10.6M Lima
100%
U.K. 10.4M London
100%
Spain 6.5M Madrid
100%
Philippines 24.7M Manila
100%
Mexico 17.7M Mexico City
100%
Russia 14.5M Moscow
100%
India 20.2M Mumbai
100%
Japan 13M Osaka
100%
France 9.4M Paris
100%
Brazil 9.5M Rio de Janeiro
100%
Saudi Arabia 6.9M Riyadh
100%
Brazil 18.9M São Paulo
100%
South Korea 22.5M Seoul
100%
China 29.6M Shanghai
100%
China 13.9M Shenzhen
100%
Russia 5.4M St. Petersburg
100%
Iran 9.2M Tehran
100%
Japan 33.4M Tokyo
100%
Canada 6.1M Toronto
100%
China 7.4M Wuhan
100%
India 7.6M Ahmedabad
92%
Egypt 7.3M Alexandria
92%
China 8.8M Chengdu
92%
India 11.2M Chennai
92%
U.S.A. 8.9M Chicago
92%
China 7.1M Chongqing
92%
U.S.A. 6.1M Dallas
92%
Tanzania 7.8M Dar es Salaam
92%
U.S.A. 6.1M Houston
92%
South Africa 7.1M Johannesburg
92%
U.S.A. 12.7M Los Angeles
92%
Angola 9.1M Luanda
92%
U.S.A. 6M Miami
92%
U.S.A. 5.7M Philadelphia
92%
India 6.8M Pune
92%
Chile 6.7M Santiago
92%
Singapore 5.8M Singapore
92%
China 7.4M Xi'an
92%
India 13.2M Bengaluru
83%
China SAR 7.4M Hong Kong
83%
India 9.2M Hyderabad
83%
Sudan 6.8M Khartoum
83%
Japan 7.1M Nagoya
83%
U.S.A. 13.9M New York City
83%
China 7.3M Tianjin
83%
U.S.A. 5.2M Washington D.C.
83%
Indonesia 8.9M Bandung
75%
Japan 5.6M Fukuoka
75%
China 7.5M Hangzhou
75%
China 5.4M Qingdao
75%
China 6.9M Shenyang
75%
Indonesia 6.8M Surabaya
75%
India 6.8M Surat
75%
Myanmar 5.2M Yangon
75%
Brazil 6M Belo Horizonte
67%
China 5.3M Dalian
67%
China 6.8M Nanjing
67%
U.S.A. 5.6M Atlanta
58%
China 6.1M Harbin
58%
China 5.1M Jinan
58%
China 7.4M Dongguan
42%
China 7.7M Suzhou
42%
China 7.2M Foshan
25%
No matching quizzes found
Score Distribution
Percent of People with Each Score
Percentile by Number Answered
Your Score History
You have not taken this quiz since the last reset